Southville International School and Colleges
Your cart is empty.
  • Cart
  • Lists
    Public lists Eva Luna New books Lux_list list_1
    Your lists Log in to create your own lists
  • Log in to your account
  • Your cookies
  • Search history
Southville International School and Colleges
  • Advanced search
  • Recent comments
  • Most popular
  • Libraries

Log in to your account

Log in with GOOGLE


If you do not have an external account, but do have a local account, you can still log in:

  1. Home
  2. MARC view: Over sea, under stone /
Normal view MARC view ISBD view

Over sea, under stone / (Record no. 294958)

[ view plain ]
MARC details
000 -LEADER
fixed length control field 01471cam a2200373 a 4500
001 - CONTROL NUMBER
control field 13796758
003 - CONTROL NUMBER IDENTIFIER
control field SISC
005 - DATE AND TIME OF LATEST TRANSACTION
control field 20160601084755.0
008 - FIXED-LENGTH DATA ELEMENTS--GENERAL INFORMATION
fixed length control field 041122r20001965nyu c 000 1 eng
010 ## - LIBRARY OF CONGRESS CONTROL NUMBER
LC control number 2004559260
020 ## - INTERNATIONAL STANDARD BOOK NUMBER
International Standard Book Number 9781416949640
040 ## - CATALOGING SOURCE
Original cataloging agency DLC
Transcribing agency DLC
Modifying agency DLC
042 ## - AUTHENTICATION CODE
Authentication code lcac
050 00 - LIBRARY OF CONGRESS CALL NUMBER
Classification number PZ 7 .C7878
Item number Ov 1994
082 00 - DEWEY DECIMAL CLASSIFICATION NUMBER
Classification number [Fic]
100 1# - MAIN ENTRY--PERSONAL NAME
Personal name Cooper, Susan,
Dates associated with a name 1935-
245 10 - TITLE STATEMENT
Title Over sea, under stone /
Statement of responsibility, etc Susan Cooper.
260 ## - PUBLICATION, DISTRIBUTION, ETC. (IMPRINT)
Place of publication, distribution, etc New York:
Name of publisher, distributor, etc Simon Pulse
Date of publication, distribution, etc 1994.
300 ## - PHYSICAL DESCRIPTION
Extent 196 p. ;
Dimensions 20 cm.
490 1# - SERIES STATEMENT
Series statement Dark is rising sequence
520 ## - SUMMARY, ETC.
Summary, etc Three siblings on vacation in Cornwall find an ancient manuscript which sends them on a dangerous quest that entraps them in the eternal battle between the forces of the Light and the Dark.
650 #1 - SUBJECT ADDED ENTRY--TOPICAL TERM
Topical term or geographic name as entry element Magic
Form subdivision Fiction.
650 #1 - SUBJECT ADDED ENTRY--TOPICAL TERM
Topical term or geographic name as entry element Brothers and sisters
Form subdivision Fiction.
650 #1 - SUBJECT ADDED ENTRY--TOPICAL TERM
Topical term or geographic name as entry element Fantasy.
651 #1 - SUBJECT ADDED ENTRY--GEOGRAPHIC NAME
Geographic name Cornwall (England : County)
Form subdivision Fiction.
651 #1 - SUBJECT ADDED ENTRY--GEOGRAPHIC NAME
Geographic name England
Form subdivision Fiction.
800 1# - SERIES ADDED ENTRY--PERSONAL NAME
Personal name Cooper, Susan,
Dates associated with a name 1935-
Title of a work Dark is rising sequence.
856 42 - ELECTRONIC LOCATION AND ACCESS
Materials specified Publisher description
Uniform Resource Identifier <a href="http://www.loc.gov/catdir/description/simon051/2004559260.html">http://www.loc.gov/catdir/description/simon051/2004559260.html</a>
856 42 - ELECTRONIC LOCATION AND ACCESS
Materials specified Contributor biographical information
Uniform Resource Identifier <a href="http://www.loc.gov/catdir/enhancements/fy1005/2004559260-b.html">http://www.loc.gov/catdir/enhancements/fy1005/2004559260-b.html</a>
856 41 - ELECTRONIC LOCATION AND ACCESS
Materials specified Sample text
Uniform Resource Identifier <a href="http://www.loc.gov/catdir/enhancements/fy1409/2004559260-s.html">http://www.loc.gov/catdir/enhancements/fy1409/2004559260-s.html</a>
906 ## - LOCAL DATA ELEMENT F, LDF (RLIN)
a 7
b cbc
c origcop
d 2
e ocip
f 20
g y-gencatlg
942 ## - ADDED ENTRY ELEMENTS (KOHA)
Source of classification or shelving scheme Library of Congress Classification
Koha item type Books
Holdings
Withdrawn status Lost status Source of classification or shelving scheme Damaged status Home library Current library Shelving location Date acquired Source of acquisition Total Checkouts Full call number Barcode Date last seen Price effective from Koha item type
    Library of Congress Classification   Luxembourg Library Luxembourg Library Fiction Section 05/24/2016 Library Fund   PZ 7 .C7878 Ov 1994 20156 05/24/2016 05/24/2016 Books

Over sea, under stone /

APA

Cooper S., . (1994). Over sea, under stone. New York: Simon Pulse.

Chicago

Cooper Susan, . 1994. Over sea, under stone. New York: Simon Pulse.

Harvard

Cooper S., . (1994). Over sea, under stone. New York: Simon Pulse.

MLA

Cooper Susan, . Over sea, under stone. New York: Simon Pulse. 1994.

  • Place hold
  • Print
  • Cite
  • Add to your cart (remove)
  • Save record
    BIBTEX Dublin Core MARCXML MARC (non-Unicode/MARC-8) MARC (Unicode/UTF-8) MARC (Unicode/UTF-8, Standard) MODS (XML) RIS
  • More searches
    Search for this title in:
    Other Libraries (WorldCat) Other Databases (Google Scholar) Online Stores (Bookfinder.com) Open Library (openlibrary.org)

Exporting to Dublin Core...

SOUTHVILLE LIBRARY

Southville International School and Colleges Library

1281 Tropical Ave. Cor. Luxembourg St., BF Homes International, Las Pinas City

Tel. No. 8256374 / 252358 Loc. 117/146

Powered by Koha